000 00633cam a2200193 4500
001 3035
005 20181127170349.0
008 010129s2001 nyua b 001 0 eng
010 _a 2001029102
020 _a0321086724 (pbk.)
100 1 _aO'Connor, Karen,
_d1952-
245 1 0 _aAmerican government :
_bcontinuity and change /
_cKaren O'Connor, Larry J. Sabato.
250 _a1999 alternate ed.
260 _aBoston :
_bAllyn and Bacon,
_c1999.
300 _axxiii, 856 p. :
_bill. ;
_c28 cm.
504 _aIncludes bibliographical references and index.
651 0 _aUnited States
_xPolitics and government.
700 1 _aSabato, Larry.
999 _c2439
_d2439